[Event "3rd EIWCh"]
[Site "Varna BUL"]
[Date "2002.05.27"]
[EventDate "2002.05.27"]
[Round "1"]
[Result "1/2-1/2"]
[White "Aytaj Ismailova"]
[Black "Marie Sebag"]
[WhiteElo "2157"]
[BlackElo "2371"]
[PlyCount "109"]

1.e4 c5 2.Nf3 d6 3.d4 cxd4 4.Nxd4 Nf6 5.Nc3 a6 6.Bg5 e6 7.f4
Nc6 8.Nxc6 bxc6 9.e5 h6 10.Bh4 g5 11.fxg5 Nd5 12.Ne4 dxe5
13.Nf6+ Nxf6 14.Qxd8+ Kxd8 15.gxf6 h5 16.Bg3 Bd6 17.O-O-O Kc7
18.Re1 Rh6 19.Bxe5 Bxe5 20.Rxe5 Kd6 21. Re3 Rxf6 22.Be2 h4
23.Rd1+ Kc7 24.h3 Rf4 25.Rdd3 Bb7 26.Rf3 Rxf3 27.Rxf3 f5
28.Rf4 c5 29.Bf3 Bxf3 30.gxf3 Rh8 31.Kd2 Rh5 32.Ra4 Kb6 33.b4
cxb4 34. Rxb4+ Kc5 35.Rb8 Rg5 36.Re8 Kd5 37.Ke3 Rg3 38.Kf4
Rxh3 39.c4+ Kd6 40.c5+ Kd7 41.Ra8 Rh2 42.Ra7+ Kd8 43.Rxa6 Re2
44.a4 Ke7 45.Kg5 h3 46.Ra7+ Kf8 47. c6 h2 48.Rh7 Kg8 49.Rh4
Kg7 50.c7 Rc2 51.Rxh2 Rxc7 52.Rb2 Ra7 53.Rb4 Kf7 54.Rh4 Kg7
55.Rb4 1/2-1/2

[Event "3rd EIWCh"]
[Site "Varna BUL"]
[Date "2002.05.28"]
[EventDate "2002.05.27"]
[Round "2"]
[Result "0-1"]
[White "Marie Sebag"]
[Black "Zivile Sarakauskiene"]
[WhiteElo "2371"]
[BlackElo "2105"]
[PlyCount "68"]

1.e4 c5 2.Nf3 e6 3.d4 cxd4 4.Nxd4 a6 5.Bd3 Nf6 6.O-O d6 7.c4
Be7 8.Be3 O-O 9.Nc3 Qc7 10.Rc1 Nbd7 11.f4 Re8 12.g4 Nc5 13.Bb1
e5 14.Nf5 Bxf5 15.exf5 exf4 16.Bxf4 Qb6 17.Be3 h6 18.h4 Bd8
19.Bd4 Qc6 20.Rf4 Nce4 21.Qd3 Nxc3 22.bxc3 d5 23.cxd5 Nxd5
24.f6 g6 25.Rf2 Bxf6 26.h5 Bxd4 27.Qxd4 Ne3 28.Re1 Nxg4
29.Rxe8+ Rxe8 30.Qxg4 Re1+ 31.Rf1 Qb6+ 32.Kg2 Rxf1 33.Kxf1
Qxb1+ 34. Ke2 Qxa2+ 0-1

[Event "3rd EIWCh"]
[Site "Varna BUL"]
[Date "2002.05.29"]
[EventDate "2002.05.27"]
[Round "3"]
[Result "1/2-1/2"]
[White "Sophie Milliet"]
[Black "Marie Sebag"]
[WhiteElo "2163"]
[BlackElo "2371"]
[PlyCount "144"]

1.e4 c5 2.Nc3 Nc6 3.Bb5 g6 4.Bxc6 bxc6 5.d3 Bg7 6.Be3 Rb8
7.Qc1 d6 8.Nge2 e5 9.O-O Ne7 10.Rb1 O-O 11.f4 f6 12.Qe1 Be6
13.b3 Qd7 14.Qg3 Rf7 15.fxe5 fxe5 16.Rxf7 Bxf7 17.Rf1 Nc8
18.Qh4 Nb6 19.Kh1 Bf8 20.Bg5 d5 21.Ng1 Bg7 22.Nf3 Be6 23.Bf6
Rf8 24.Bxg7 Qxg7 25.Re1 Nd7 26.Qg5 c4 27.dxc4 dxc4 28. Rd1
cxb3 29.axb3 h6 30.Qg3 g5 31.Rd6 Qe7 32.Rd1 Rf4 33.h3 Qc5
34.Ng1 Nf6 35.Qd3 Bf7 36.Nge2 Rh4 37.Rf1 Qe7 38.Ng3 Be6 39.Nf5
Bxf5 40.Rxf5 Qe6 41. Qd8+ Kg7 42.Qc7+ Kg6 43.Qxe5 Qxe5 44.Rxe5
g4 45.Re6 Kf7 46.Rxc6 gxh3 47. gxh3 Rxh3+ 48.Kg2 Rh5 49.Rc7+
Ke6 50.Ne2 Nxe4 51.Rxa7 Rc5 52.c4 Rg5+ 53. Kf3 Nd2+ 54.Ke3
Nxb3 55.Ra6+ Kd7 56.Rxh6 Re5+ 57.Kd3 Nc5+ 58.Kd4 Rxe2 59. Kxc5
Kc8 60.Rh7 Re6 61.Kb5 Rg6 62.c5 Rf6 63.Rh4 Kc7 64.Rh7+ Kc8
65.Kc4 Rg6 66.Kd5 Rf6 67.Rh5 Kc7 68.Re5 Ra6 69.Re7+ Kc8 70.c6
Ra1 71.Kd6 Rd1+ 72.Kc5 Rc1+ 1/2-1/2

[Event "3rd EIWCh"]
[Site "Varna BUL"]
[Date "2002.05.30"]
[EventDate "2002.05.27"]
[Round "4"]
[Result "1-0"]
[White "Marie Sebag"]
[Black "Stefka Savova"]
[WhiteElo "2371"]
[BlackElo "2165"]
[PlyCount "76"]

1.e4 d5 2.exd5 Qxd5 3.Nc3 Qa5 4.d4 Nf6 5.Nf3 Bf5 6.Bd2 c6
7.Bc4 e6 8.Nd5 Qd8 9.Nxf6+ gxf6 10.Qe2 Be7 11.O-O Bxc2 12.Bh6
Bg6 13.Rfe1 Qd7 14.Rad1 b5 15.Bb3 Na6 16.d5 cxd5 17.Bxd5 Rb8
18.Bb3 Qc8 19.Nd4 Nc5 20.Nxb5 Nxb3 21. axb3 Qb7 22.Nd6+ Bxd6
23.Rxd6 Qxb3 24.Qa6 Ke7 25.Qc6 Rhd8 26.Qc7+ Ke8 27. Bg7 Rxd6
28.Qxd6 Rd8 29.Qf8+ Kd7 30.Qc5 Rc8 31.Qxa7+ Rc7 32.Qd4+ Kc8
33. Bxf6 Qb5 34.h3 Kb7 35.Ra1 Qb6 36.Qxb6+ Kxb6 37.Bd8 Kb7
38.Bxc7 Kxc7 1-0

[Event "3rd EIWCh"]
[Site "Varna BUL"]
[Date "2002.05.31"]
[EventDate "2002.05.27"]
[Round "5"]
[Result "0-1"]
[White "Sandugach Shaydullina"]
[Black "Marie Sebag"]
[WhiteElo "2245"]
[BlackElo "2371"]
[PlyCount "120"]

1.d4 d5 2.c4 c6 3.Nf3 Nf6 4.e3 a6 5.Bd3 Bg4 6.Qb3 Bxf3 7.gxf3
Qc7 8.cxd5 cxd5 9.Nc3 e6 10.Bd2 Nc6 11.f4 g6 12.Rc1 Bd6 13.h4
h5 14.f3 Nd7 15.a3 Rc8 16.Kf2 b5 17.Ne2 Nb6 18.Qc2 Nc4 19.Be1
Qa7 20.Qb1 Kd7 21.Rd1 Qb6 22.Qa1 a5 23.Qa2 a4 24.Bc3 N6a5
25.Nc1 Be7 26.Be1 Rc6 27.Bb1 Rhc8 28.Nd3 Nb3 29.Bb4 Bf6
30.Nc5+ Nxc5 31.dxc5 Rxc5 32.Bxc5 Qxc5 33.b4 Qxe3+ 34.Kg3 Qb3
35.Qe2 Qe3 36.Rhe1 Qxe2 37.Rxe2 Bc3 38.Ba2 Kd6 39.Rb1 Rc7
40.Kf2 Nxa3 41.Rd1 Bxb4 42.f5 gxf5 43.Kg3 Bc3 44.Kf4 Bf6
45.Bxd5 exd5 46.Kxf5 Bxh4 47.Rh2 Rc4 48. Rhd2 Rc5 49.Rh2 Be7
50.f4 Nc4 51.Re2 a3 52.Rb1 Nb2 53.Re3 d4+ 54.Re5 d3 55.Ra1
Rxe5+ 56.fxe5+ Kd5 57.Rc1 d2 58.Rc7 d1=Q 59.Rxe7 Qg4+ 60.Kf6
Qg6# 0-1

[Event "3rd EIWCh"]
[Site "Varna BUL"]
[Date "2002.06.01"]
[EventDate "2002.05.27"]
[Round "6"]
[Result "1-0"]
[White "Marie Sebag"]
[Black "Olga Sikorova"]
[WhiteElo "2371"]
[BlackElo "2298"]
[PlyCount "99"]

1.e4 c5 2.Nf3 Nf6 3.e5 Nd5 4.Nc3 e6 5.Nxd5 exd5 6.d4 Nc6
7.dxc5 Bxc5 8. Qxd5 d6 9.exd6 Qb6 10.Qe4+ Be6 11.Bc4 Bxf2+
12.Ke2 O-O 13.Bxe6 Rae8 14.Ng5 Rxe6 15.Nxe6 Re8 16.Rf1 Rxe6
17.Qxe6 fxe6 18.Rxf2 Nd4+ 19.Kf1 Qxd6 20.Bf4 Qc6 21.Kg1 Qe4
22.Raf1 h5 23.c3 Nf5 24.Rd1 h4 25.h3 Kh7 26.Rdf1 Kg6 27.Rf3
Kf6 28.R3f2 Kg6 29.Bd2 a6 30.Re1 Qd5 31.Rfe2 Qxa2 32.Rxe6+ Kf7
33.R6e5 g6 34.Bc1 Qb3 35.Kh2 Kf6 36.Re8 a5 37.Bf4 Qxb2 38.Rf8+
Kg7 39.Ree8 Qf2 40. Rg8+ Kf6 41.Be5+ Kg5 42.Re6 Kh5 43.Rexg6
Qe3 44.Re6 Qc1 45.Rh8+ Kg5 46. Bf6+ Kf4 47.Rg8 Ng7 48.Bxg7 Qa3
49.Rf8+ Kg5 50.Bh6+ 1-0

[Event "3rd EIWCh"]
[Site "Varna BUL"]
[Date "2002.06.03"]
[EventDate "2002.05.27"]
[Round "7"]
[Result "1/2-1/2"]
[White "Tatjana Vasilevich"]
[Black "Marie Sebag"]
[WhiteElo "2421"]
[BlackElo "2371"]
[PlyCount "59"]

1.d4 Nf6 2.c4 c6 3.Nc3 d5 4.Nf3 a6 5.c5 Nbd7 6.Bf4 Nh5 7.Be3
g6 8.h3 Bg7 9.g4 Nhf6 10.Bg2 O-O 11.O-O Ne8 12.Bf4 Nc7 13.b4
Ne6 14.e3 Nxf4 15.exf4 a5 16.a3 axb4 17.axb4 Rxa1 18.Qxa1 Qc7
19.Qc1 f6 20.f5 gxf5 21.gxf5 Nb8 22. Nh4 e5 23.fxe6 Bxe6
24.Re1 Qf7 25.Qf4 Re8 26.Re2 f5 27.Nf3 Nd7 28.Ng5 Qf6 29.Nxe6
Rxe6 30.Kf1 1/2-1/2

[Event "3rd EIWCh"]
[Site "Varna BUL"]
[Date "2002.06.04"]
[EventDate "2002.05.27"]
[Round "8"]
[Result "0-1"]
[White "Marie Sebag"]
[Black "Jana Jackova"]
[WhiteElo "2371"]
[BlackElo "2325"]
[PlyCount "50"]

1.e4 e5 2.Nf3 Nc6 3.d4 exd4 4.Nxd4 Bc5 5.Nxc6 Qf6 6.Qd2 dxc6
7.Nc3 Be6 8. Na4 Rd8 9.Bd3 Bd4 10.O-O c5 11.Qa5 Qe5 12.Qb5+
Bd7 13.Qb3 Nf6 14.Be2 Nxe4 15.c3 Bxf2+ 16.Rxf2 Nxf2 17.Kxf2
O-O 18.c4 Bxa4 19.Qxa4 Rfe8 20.Qc2 Rd6 21.g3 Rde6 22.Bd3 Qe1+
23.Kf3 h5 24.Rb1 Qh1+ 25.Qg2 Qd1+ 0-1

[Event "3rd EIWCh"]
[Site "Varna BUL"]
[Date "2002.06.05"]
[EventDate "2002.05.27"]
[Round "9"]
[Result "1-0"]
[White "Iulia Mashinskaya"]
[Black "Marie Sebag"]
[WhiteElo "2300"]
[BlackElo "2371"]
[PlyCount "67"]

1.d4 d5 2.Nc3 Nf6 3.Bg5 Nbd7 4.Nf3 h6 5.Bf4 a6 6.e3 b6 7.Bd3
Bb7 8.O-O e6 9.Ne5 Be7 10.Qf3 O-O 11.Qh3 Nxe5 12.Bxe5 c5 13.f4
Nd7 14.f5 c4 15.Be2 Nxe5 16.dxe5 exf5 17.Rad1 Bb4 18.Qxf5 Bxc3
19.bxc3 Qe7 20.Bf3 Rad8 21.Rd4 Qa3 22.Bh5 Qxc3 23.Bxf7+ Kh8
24.Qh3 Qxc2 25.e6 Bc8 26.Rdf4 d4 27.exd4 c3 28. Qg3 Qe2 29.Re1
c2 30.Rxe2 c1=Q+ 31.Re1 Qc7 32.e7 Bb7 33.exd8=Q Qxd8 34.Bb3
1-0

[Event "3rd EIWCh"]
[Site "Varna BUL"]
[Date "2002.06.06"]
[EventDate "2002.05.27"]
[Round "10"]
[Result "1-0"]
[White "Marie Sebag"]
[Black "Goar Hlgatian"]
[WhiteElo "2371"]
[BlackElo "2239"]
[PlyCount "99"]

1.e4 e6 2.d4 d5 3.Nd2 c5 4.exd5 Qxd5 5.Ngf3 cxd4 6.Bc4 Qd6
7.O-O Nf6 8.Nb3 Nc6 9.Nbxd4 Nxd4 10.Qxd4 Bd7 11.Bf4 Qxd4
12.Nxd4 Rc8 13.Be2 Bc5 14.Nb3 Bb6 15.c4 Ke7 16.a4 a6 17.Bd2
Rhd8 18.Bb4+ Ke8 19.Na5 Rc7 20.Bf3 Bc8 21.b3 Nd7 22.Rad1 Ne5
23.Rxd8+ Kxd8 24.Be2 f6 25.Rc1 Bd4 26.Bd6 Rd7 27.c5 Ke8 28.b4
Nf7 29.Bg3 e5 30.Bg4 Rc7 31.Bxc8 Rxc8 32.Nxb7 Kd7 33.Rd1 g5
34.Kf1 Kc6 35. Na5+ Kd5 36.f3 Rd8 37.Nb3 h5 38.Be1 Re8 39.g3
f5 40.Ke2 f4 41.Nd2 g4 42. Ne4 Rf8 43.Nd2 Ng5 44.gxf4 gxf3+
45.Nxf3 Nxf3 46.Kxf3 Rxf4+ 47.Kg3 Kc6 48. Rd3 Rg4+ 49.Kh3 e4
50.Rxd4 1-0

[Event "3rd EIWCh"]
[Site "Varna BUL"]
[Date "2002.06.07"]
[EventDate "2002.05.27"]
[Round "11"]
[Result "1/2-1/2"]
[White "Petra Schuurman"]
[Black "Marie Sebag"]
[WhiteElo "2283"]
[BlackElo "2371"]
[PlyCount "63"]

1.d4 Nf6 2.c4 c5 3.d5 b5 4.Qc2 e6 5.e4 bxc4 6.Bxc4 exd5 7.exd5
d6 8.Nc3 Be7 9.Nf3 O-O 10.O-O Nbd7 11.Rd1 Nb6 12.Be2 Bb7
13.Qb3 Rb8 14.Qa3 Nfxd5 15.Nxd5 Bxd5 16.Bf4 Qd7 17.Re1 Bf6
18.Rad1 Rbe8 19.b4 Re4 20.bxc5 dxc5 21. Be3 Rb8 22.Qxc5 Rc8
23.Qb5 Qxb5 24.Bxb5 Bxa2 25.Bd4 Rxe1+ 26.Rxe1 Bxd4 27. Nxd4 g6
28.Nc6 Rc7 29.Ra1 a6 30.Bxa6 Rxc6 31.Rxa2 Rc1+ 32.Bf1 1/2-1/2

[Event "Open Aegean Ch"]
[Site "Ikaros GRE"]
[Date "2002.07.13"]
[EventDate "2002.07.13"]
[Round "1"]
[Result "1/2-1/2"]
[White "Marie Sebag"]
[Black "Dragan Kosic"]
[WhiteElo "2344"]
[BlackElo "2537"]
[PlyCount "54"]

1.e4 e6 2.d4 d5 3.Nd2 c5 4.exd5 Qxd5 5.Ngf3 cxd4 6.Bc4 Qd8
7.O-O a6 8.Nb3 Qc7 9.Qe2 Bd6 10.Nbxd4 Ne7 11.Re1 Nbc6 12.Nxc6
Nxc6 13.b3 Bb4 14.Bd2 Bxd2 15.Qxd2 O-O 16.a4 b6 17.Rad1 Ra7
18.Bd3 h6 19.Be4 Ne7 20.c4 Bb7 21.Ne5 Bxe4 22.Rxe4 Nc6 23.Nxc6
Qxc6 24.Rg4 Kh8 25.Rd4 Qc5 26.b4 Qc7 27.g3 a5 1/2-1/2

[Event "Open Aegean Ch"]
[Site "Ikaros GRE"]
[Date "2002.07.15"]
[EventDate "2002.07.13"]
[Round "3"]
[Result "1-0"]
[White "Andrey Rychagov"]
[Black "Marie Sebag"]
[WhiteElo "2537"]
[BlackElo "2344"]
[PlyCount "123"]

1.d4 d5 2.c4 c6 3.Nf3 Nf6 4.Nc3 a6 5.c5 Nbd7 6.Bf4 Nh5 7.e3
Nxf4 8.exf4 Qc7 9.Qd2 g6 10.Bd3 Bg7 11.O-O O-O 12.Rfe1 Re8
13.b4 Nf8 14.a4 f6 15.h3 Bh6 16.Ne2 e5 17.Bc2 Bd7 18.b5 e4
19.Nh2 g5 20.bxc6 bxc6 21.fxg5 Bxg5 22. Qc3 a5 23.Rab1 Rab8
24.Rxb8 Rxb8 25.f3 f5 26.g4 Re8 27.gxf5 Bxf5 28.fxe4 Bxe4
29.Qg3 Qg7 30.Bxe4 Rxe4 31.Nf3 Bh4 32.Qxg7+ Kxg7 33.Nxh4 Rxh4
34.Ng3 Kg6 35.Rf1 Ne6 36.Nf5 Re4 37.Ne7+ Kg7 38.Nxc6 Nxd4
39.Nxd4 Rxd4 40.Rc1 Rf4 41.c6 Rf8 42.c7 Rc8 43.Kf2 Kf6 44.Ke3
Ke6 45.Kd4 Kd6 46.Rc5 Rxc7 47.Rxd5+ Ke6 48.Rxa5 Rg7 49.Ra6+
Kf5 50.Rc6 Rg1 51.Kc4 Kg5 52.Kb4 Rb1+ 53.Ka3 h5 54.Rc4 h4
55.Rg4+ Kh5 56.Rb4 Ra1+ 57.Kb2 Rg1 58.a5 Rg2+ 59.Ka3 Rg3+
60.Rb3 Rg1 61.Kb4 Ra1 62.Ra3 1-0

[Event "Open Aegean Ch"]
[Site "Ikaros GRE"]
[Date "2002.07.18"]
[EventDate "2002.07.13"]
[Round "6"]
[Result "1-0"]
[White "Marie Sebag"]
[Black "Johan Hellsten"]
[WhiteElo "2344"]
[BlackElo "2477"]
[PlyCount "81"]

1.e4 c5 2.Nf3 e6 3.c3 Nf6 4.Bd3 d6 5.Bc2 Nc6 6.d4 cxd4 7.cxd4
Nb4 8.Ba4+ Bd7 9.Nc3 Be7 10.a3 Na6 11.Bc2 Nc7 12.O-O Bc6
13.Re1 O-O 14.Bg5 h6 15.Bf4 Re8 16.Qd3 Rc8 17.Rad1 a6 18.Bb1
Nb5 19.e5 dxe5 20.Nxe5 Nxc3 21.bxc3 Qd5 22.Qh3 Bf8 23.c4 Qa5
24.Re3 g5 25.Rg3 Bg7 26.Bxg5 Qa4 27.Rc1 hxg5 28.Rxg5 Be4
29.Qg3 Bg6 30.Bxg6 fxg6 31.Rxg6 Re7 32.Rxf6 Qa5 33.Rg6 Rf8
34.Qe3 Kh7 35.Rg5 Rf5 36.Rxf5 exf5 37.f4 Qb6 38.c5 Qb2 39.Qc3
Qa2 40.Qd3 Re6 41.d5 1-0

[Event "Open Aegean Ch"]
[Site "Ikaros GRE"]
[Date "2002.07.19"]
[EventDate "2002.07.13"]
[Round "7"]
[Result "0-1"]
[White "Petar Genkov Genov"]
[Black "Marie Sebag"]
[WhiteElo "2526"]
[BlackElo "2344"]
[PlyCount "60"]

1.d4 d5 2.c4 c6 3.Nf3 Nf6 4.Nc3 a6 5.a4 e6 6.Bg5 Nbd7 7.cxd5
exd5 8.e3 Qa5 9.Bd3 Ne4 10.O-O Nxg5 11.Nxg5 Nf6 12.f4 Bg4
13.Qe1 h6 14.Qh4 Be7 15.Rae1 Bh5 16.Nh3 Bg4 17.e4 Bxh3 18.Qxh3
dxe4 19.Nxe4 O-O 20.Ng3 Rfe8 21.Nf5 Bf8 22.Re5 Qd2 23.Bb1 g6
24.Qh4 Bg7 25.Nxh6+ Bxh6 26.Qxf6 Bg7 27.Rxe8+ Rxe8 28.Qh4
Bxd4+ 29.Kh1 Qe2 30.Rc1 Bf2 0-1

[Event "Open Aegean Ch"]
[Site "Ikaros GRE"]
[Date "2002.07.21"]
[EventDate "2002.07.13"]
[Round "9"]
[Result "0-1"]
[White "Marie Sebag"]
[Black "Dmitry Svetushkin"]
[WhiteElo "2344"]
[BlackElo "2491"]
[PlyCount "74"]

1.e4 g6 2.d4 Bg7 3.Nc3 c6 4.f4 Qb6 5.Nf3 d5 6.e5 Bg4 7.a3 Nh6
8.Bd3 Nf5 9. Bxf5 gxf5 10.O-O e6 11.h3 Bxf3 12.Rxf3 Nd7 13.Na4
Qb5 14.b3 Bf8 15.Be3 Be7 16.Qf1 Rc8 17.Qf2 b6 18.Nc3 Qa5
19.Ne2 c5 20.c4 dxc4 21.bxc4 cxd4 22.Nxd4 Rxc4 23.Qg3 Kf8
24.Rff1 Qa4 25.Rfc1 Rxc1+ 26.Rxc1 Nc5 27.Qf3 Qxa3 28.Nc6 Ne4
29.Nxe7 Qxe7 30.g4 Rg8 31.Kh2 Kg7 32.Rg1 Kh8 33.Bd4 Qb4 34.Ba1
h5 35. gxf5 Qd2+ 36.Rg2 Rxg2+ 37.Qxg2 Qxf4+ 0-1

[Event "Stork Young Masters"]
[Site "Hengelo NED"]
[Date "2002.08.05"]
[EventDate "2002.08.05"]
[Round "1"]
[Result "1/2-1/2"]
[White "Arnaud Rainfray"]
[Black "Marie Sebag"]
[WhiteElo "2374"]
[BlackElo "2344"]
[PlyCount "155"]

1.e4 e5 2.Nf3 Nc6 3.Bc4 Bc5 4.c3 Nf6 5.d3 d6 6.Nbd2 a6 7.Bb3
O-O 8.O-O Ba7 9.h3 Ne7 10.Re1 Ng6 11.Nf1 h6 12.Ng3 Be6 13.Bc2
Qc8 14.d4 Rd8 15.Be3 c5 16.d5 Bd7 17.Qd2 Kh7 18.c4 b5 19.b3
Rb8 20.Bd3 Qc7 21.Qc2 Re8 22.Nf5 bxc4 23.Bxc4 Bxf5 24.exf5 Ne7
25.Rad1 Qb7 26.Nh2 Nexd5 27.Ng4 Nb4 28.Nxf6+ gxf6 29.Qd2 Rbd8
30.Bd5 Nxd5 31.Qxd5 Qxd5 32.Rxd5 Bb8 33.Rc1 Rc8 34.Rc4 Rh8
35. Kf1 Kg7 36.Ke2 Kf8 37.Ra4 Rc6 38.Rh4 Kg7 39.Kd3 Ba7 40.Kc4
Rb6 41.Bd2 h5 42.Rd3 Bb8 43.Kd5 Rh7 44.a4 Rh8 45.Ba5 Rb7
46.Rg3+ Kf8 47.Kc6 Re7 48.Bd8 Re8 49.Bxf6 Rh7 50.Rd3 d5
51.Kxd5 Rh6 52.Bg5 Rd6+ 53.Kc4 Rd4+ 54.Rdxd4 cxd4 55.Rxh5 Kg7
56.Bd2 Ba7 57.Rh6 f6 58.Rg6+ Kf7 59.Rh6 Kg7 60.Rg6+ Kf7 61.f3
Rc8+ 62.Kd3 Bc5 63.b4 Bf8 64.Rg4 Rb8 65.Kc4 Rc8+ 66.Kb3 Rb8
67.Re4 Bxb4 68.Bxb4 a5 69.f4 Rxb4+ 70.Kc2 Rxa4 71.fxe5 fxe5
72.Rxe5 Kf6 73.Rb5 Ra2+ 74.Kd3 Rxg2 75.Kxd4 Rg3 76.Rxa5 Rxh3
77.Ke4 Rh4+ 78.Ke3 1/2-1/2

[Event "Stork Young Masters"]
[Site "Hengelo NED"]
[Date "2002.08.06"]
[EventDate "2002.08.05"]
[Round "2"]
[Result "1/2-1/2"]
[White "Marie Sebag"]
[Black "Erwin L'Ami"]
[WhiteElo "2344"]
[BlackElo "2438"]
[PlyCount "108"]

1.e4 c5 2.Nf3 d6 3.d4 cxd4 4.Nxd4 Nf6 5.Nc3 a6 6.Be3 e5 7.Nb3
Be6 8.f3 Nbd7 9.g4 b5 10.g5 b4 11.Nd5 Nxd5 12.exd5 Bf5 13.Bd3
Bxd3 14.Qxd3 Be7 15. h4 O-O 16.O-O-O f5 17.gxf6 Nxf6 18.h5 Kh8
19.Kb1 a5 20.Nd2 a4 21.Ne4 Ra5 22.Nxf6 Bxf6 23.Qe4 Qd7 24.h6
g6 25.f4 b3 26.cxb3 axb3 27.axb3 Qf5 28.Qxf5 gxf5 29.Rh5 exf4
30.Bxf4 Be5 31.Bxe5+ dxe5 32.Rf1 Rxd5 33.Rhxf5 Rxf5 34. Rxf5
Kg8 35.Kc2 Rd6 36.Rxe5 Rxh6 37.Rf5 Kg7 38.b4 Rf6 39.Re5 Kf7
40.b5 Re6 41.Rc5 Ke7 42.b4 Kd7 43.Kb3 Re8 44.b6 Rb8 45.b5 Rxb6
46.Kb4 Rb8 47.Ka5 Rc8 48.Rh5 Kc7 49.Rxh7+ Kb8 50.Ka6 Rg8 51.b6
Rf8 52.Rb7+ Ka8 53.Rc7 Kb8 54.Rc6 Rf1 1/2-1/2

[Event "Stork Young Masters"]
[Site "Hengelo NED"]
[Date "2002.08.06"]
[EventDate "2002.08.05"]
[Round "3"]
[Result "1-0"]
[White "Henrikas Asauskas"]
[Black "Marie Sebag"]
[WhiteElo "2384"]
[BlackElo "2344"]
[PlyCount "95"]

1.e4 e5 2.f4 Bc5 3.Nc3 d6 4.Nf3 Nf6 5.Bc4 Nc6 6.d3 a6 7.Ng5
O-O 8.f5 b5 9. Bb3 Nd4 10.g4 Bb7 11.Nxf7 Rxf7 12.Bxf7+ Kxf7
13.g5 Nd7 14.Rf1 Kg8 15.Bd2 b4 16.Ne2 d5 17.Nxd4 Bxd4 18.f6
dxe4 19.Qg4 Nf8 20.g6 Qd7 21.gxh7+ Kh8 22. Qxg7+ Qxg7 23.fxg7+
Kxg7 24.Bh6+ Kxh7 25.Bxf8 exd3 26.cxd3 Bxb2 27.Rb1 Bc3+ 28.Ke2
a5 29.Rf7+ Kg6 30.Rg7+ Kf5 31.Rf1+ Ke6 32.Re7+ Kd5 33.Rxc7 Ba6
34.Rd7+ Kc6 35.Rd6+ Kb5 36.Rff6 Bc8 37.Ke3 Ka4 38.Rd8 Bb7
39.Rxa8 Bxa8 40. Rd6 Bb7 41.h4 e4 42.d4 Bb2 43.h5 Bc1+ 44.Ke2
Bc8 45.h6 Bg4+ 46.Kf1 e3 47. Rg6 e2+ 48.Ke1 1-0

[Event "Stork Young Masters"]
[Site "Hengelo NED"]
[Date "2002.08.07"]
[EventDate "2002.08.05"]
[Round "4"]
[Result "0-1"]
[White "Davorin Kuljasevic"]
[Black "Marie Sebag"]
[WhiteElo "2365"]
[BlackElo "2344"]
[PlyCount "112"]

1.d4 Nf6 2.Nf3 d5 3.c4 c6 4.Nc3 a6 5.a4 e6 6.Bg5 Nbd7 7.cxd5
exd5 8.e3 a5 9.Bd3 Be7 10.Qc2 O-O 11.O-O Re8 12.h3 Nf8 13.Rae1
Ne4 14.Bf4 Bb4 15.Nd2 f5 16.f3 Nxd2 17.Qxd2 Ng6 18.Bh2 Qg5
19.Be5 Nxe5 20.f4 Nc4 21.Bxc4 Qf6 22.Bb3 Be6 23.Qf2 Re7 24.Qf3
Rae8 25.Re2 Qh4 26.Nd1 Bf7 27.Nf2 Re6 28.Bc2 Bh5 29. g4 Bd2
30.Rxd2 Rxe3 31.Qg2 fxg4 32.Rd3 gxh3 33.Qxh3 Rxh3 34.Rxh3 Qf6
35. Rxh5 Qxd4 36.Bxh7+ Kf7 37.Rf5+ Ke7 38.Bg6 Rh8 39.Re1+ Kd6
40.Rf7 Rh3 41. Bf5 Rg3+ 42.Kf1 Qc4+ 43.Bd3 Rxd3 44.Nxd3 Qxd3+
45.Re2 Qd1+ 46.Kf2 Qxa4 47. f5 Qf4+ 48.Ke1 b5 49.Rf2 Qc1+
50.Ke2 Qxb2+ 51.Kf1 Qc1+ 52.Ke2 a4 53.Kf3 a3 54.Re2 b4 55.Rb7
Qc3+ 56.Kf2 b3 0-1

[Event "Stork Young Masters"]
[Site "Hengelo NED"]
[Date "2002.08.07"]
[EventDate "2002.08.05"]
[Round "5"]
[Result "0-1"]
[White "Marie Sebag"]
[Black "Albert Bokros"]
[WhiteElo "2344"]
[BlackElo "2435"]
[PlyCount "84"]

1.e4 g6 2.d4 Bg7 3.Nc3 d6 4.g3 Nf6 5.Bg2 O-O 6.Nge2 Nbd7 7.O-O
e5 8.h3 Re8 9.Be3 exd4 10.Bxd4 c6 11.g4 Nb6 12.f4 d5 13.exd5
Nbxd5 14.Nxd5 Nxd5 15. Bxg7 Kxg7 16.Bxd5 Qxd5 17.Qxd5 cxd5
18.Nd4 Re4 19.Rad1 h5 20.Nb3 hxg4 21. hxg4 Bxg4 22.Rxd5 Re3
23.Nd4 Rh8 24.f5 g5 25.Rd7 Bh3 26.Rf3 Rxf3 27.Nxf3 Bxf5
28.Rxb7 Be4 29.Rxf7+ Kxf7 30.Nxg5+ Kf6 31.Nxe4+ Ke5 32.Nc3 Rf8
33.Kg2 Rf7 34.Nb1 Kd4 35.a4 Kc4 36.Nc3 Kb4 37.Kg1 a6 38.Kg2
Rd7 39.Nb1 Rd1 40.Na3 Ra1 41.Kf2 Ra2 42.c3+ Kb3 0-1

[Event "Stork Young Masters"]
[Site "Hengelo NED"]
[Date "2002.08.08"]
[EventDate "2002.08.05"]
[Round "6"]
[Result "1/2-1/2"]
[White "Adam Szeberenyi"]
[Black "Marie Sebag"]
[WhiteElo "2395"]
[BlackElo "2344"]
[PlyCount "59"]

1.d4 d5 2.c4 c6 3.Nf3 Nf6 4.Nc3 a6 5.cxd5 cxd5 6.Bf4 Nc6 7.Ne5
e6 8.e3 Nxe5 9.dxe5 Nd7 10.Bd3 g6 11.Bg3 Bg7 12.f4 f6 13.exf6
Nxf6 14.O-O O-O 15. Qe2 b5 16.Rad1 Bb7 17.Bf2 Qe7 18.a3 e5
19.fxe5 Qxe5 20.Bb1 Kh8 21.Ba2 Rad8 22.Bg3 Qe7 23.Bh4 Qc5
24.Kh1 Rde8 25.Bxf6 Rxf6 26.Rxf6 Bxf6 27.Nxd5 Bxd5 28.Bxd5
Qxe3 29.Qxe3 Rxe3 30.b3 1/2-1/2

[Event "Stork Young Masters"]
[Site "Hengelo NED"]
[Date "2002.08.09"]
[EventDate "2002.08.05"]
[Round "7"]
[Result "1-0"]
[White "Marie Sebag"]
[Black "Marc Erwich"]
[WhiteElo "2344"]
[BlackElo "2376"]
[PlyCount "63"]

1.e4 e5 2.Nf3 Nc6 3.Bc4 Bc5 4.c3 Nf6 5.d3 d6 6.Nbd2 a6 7.Bb3
O-O 8.O-O Ba7 9.h3 Ne7 10.Re1 Ng6 11.Nf1 c6 12.Ng3 h6 13.d4
Qc7 14.Be3 b5 15.a4 c5 16. axb5 axb5 17.dxc5 dxc5 18.c4 Rd8
19.Qc2 b4 20.Red1 Be6 21.Rd2 Bb6 22.Rad1 Ne8 23.Nf5 f6 24.Ba4
Rxd2 25.Rxd2 Ne7 26.Bd7 Bxf5 27.exf5 Nd6 28.Be6+ Kh7 29.Nh4
Nc6 30.Qd1 Nd4 31.Qh5 Ne4 32.Bxh6 1-0

[Event "Stork Young Masters"]
[Site "Hengelo NED"]
[Date "2002.08.09"]
[EventDate "2002.08.05"]
[Round "8"]
[Result "1-0"]
[White "Jan Smeets"]
[Black "Marie Sebag"]
[WhiteElo "2392"]
[BlackElo "2344"]
[PlyCount "93"]

1.e4 e5 2.Nf3 Nc6 3.d4 exd4 4.Nxd4 Bc5 5.Nxc6 Qf6 6.Qd2 dxc6
7.Nc3 Be6 8. Na4 Rd8 9.Bd3 Bd4 10.O-O Ne7 11.c3 b5 12.cxd4
Qxd4 13.Qc2 Qxd3 14.Qxd3 Rxd3 15.Nc5 Rd8 16.Bf4 Rc8 17.a4 Ng6
18.Bg3 h5 19.h4 O-O 20.Rfc1 Rce8 21. axb5 cxb5 22.Rxa7 Bc8
23.Rxc7 f5 24.exf5 Rxf5 25.Ra1 Rf7 26.Rxf7 Kxf7 27. Ra5 Re1+
28.Kh2 Rd1 29.Rxb5 Rd5 30.f3 Nf8 31.Ne4 Rxb5 32.Nd6+ Ke6
33.Nxb5 Kd5 34.Bf2 Bf5 35.Nd4 Bd7 36.Kg3 Ng6 37.Ne2 Kc4 38.Nf4
Nxf4 39.Kxf4 Kd5 40.Kg5 Be8 41.g4 g6 42.Kf6 Kc4 43.Ke7 Bc6
44.gxh5 gxh5 45.f4 Be4 46.Ke6 Bd5+ 47.Kd6 1-0

[Event "Stork Young Masters"]
[Site "Hengelo NED"]
[Date "2002.08.10"]
[EventDate "2002.08.05"]
[Round "9"]
[Result "0-1"]
[White "Marie Sebag"]
[Black "Tomi Nyback"]
[WhiteElo "2344"]
[BlackElo "2459"]
[PlyCount "141"]

1.e4 d6 2.d4 Nf6 3.Nc3 g6 4.g3 Bg7 5.Bg2 O-O 6.Nge2 e5 7.h3 c6
8.a4 exd4 9.Nxd4 Na6 10.O-O Nb4 11.a5 Re8 12.Kh2 Bd7 13.f4 c5
14.Nb3 Bc6 15.Re1 Qc7 16.Bd2 Rad8 17.Re2 b6 18.axb6 axb6
19.Rc1 Re7 20.Qh1 Rde8 21.Be1 Qb7 22. Nd2 Nh5 23.Nc4 Qa6 24.b3
Bxc3 25.Bxc3 d5 26.exd5 Rxe2 27.dxc6 Nxc6 28.Qf1 Qa8 29.g4 Nd4
30.Bxd4 Nxf4 31.Bf2 Nxg2 32.Qxg2 Qb8+ 33.Kg1 b5 34.Nb2 c4
35.bxc4 bxc4 36.Na4 Rxc2 37.Rf1 Qf4 38.Nc5 Rd2 39.Qc6 Ree2
40.Nd7 h6 41. Qa8+ Kg7 42.Qa1+ Rb2 43.Qa7 Rxf2 44.Rxf2 Rb1+
45.Kg2 Qe4+ 46.Rf3 Rb2+ 47. Kg3 Qe1+ 48.Rf2 Qg1+ 49.Kf3 Qh1+
50.Kg3 Rb3+ 51.Kf4 g5+ 52.Ke5 Qe1+ 53.Kd6 Qe6+ 54.Kc7 Rd3
55.Kd8 Rxd7+ 56.Qxd7 Qb6+ 57.Qc7 Qxf2 58.Qxc4 Qe3 59.Kd7 Kf6
60.Qf1+ Qf4 61.Qa6+ Kg7 62.Qd3 Qe5 63.Kc6 h5 64.gxh5 Kh6
65.Qf3 f5 66. Qd1 Qc3+ 67.Kd5 Qxh3 68.Ke5 f4 69.Qd8 Kxh5
70.Qd1+ Kh4 71.Ke4 0-1

[Event "ch-FRA w"]
[Site "Val d'Isere FRA"]
[Date "2002.08.19"]
[EventDate "2002.08.19"]
[Round "1"]
[Result "0-1"]
[White "Martine Dubois"]
[Black "Marie Sebag"]
[WhiteElo "2049"]
[BlackElo "2344"]
[PlyCount "52"]

1.e4 c5 2.c3 b6 3.d4 Bb7 4.Bd3 Nf6 5.d5 c4 6.Bxc4 Nxe4 7.Qd4
Nf6 8.Nf3 e6 9.dxe6 fxe6 10.Bg5 Bc5 11.Qh4 O-O 12.Nd4 Nc6
13.Nxc6 Bxc6 14.O-O h6 15.Be3 Bxe3 16.fxe3 b5 17.Bb3 Qb6
18.Qd4 Qb7 19.Qd2 Ne4 20.Qd3 Rxf1+ 21.Kxf1 Rf8+ 22.Ke1 Qb8
23.g3 Rf2 24.Qxe4 Bxe4 25.Kxf2 Qf8+ 26.Ke1 Qf3 0-1

[Event "ch-FRA w"]
[Site "Val d'Isere FRA"]
[Date "2002.08.20"]
[EventDate "2002.08.19"]
[Round "2"]
[Result "1-0"]
[White "Marie Sebag"]
[Black "Melanie Verot"]
[WhiteElo "2344"]
[BlackElo "2077"]
[PlyCount "89"]

1.e4 e5 2.Nf3 d6 3.d4 exd4 4.Qxd4 Nf6 5.Nc3 Be7 6.Bg5 O-O
7.O-O-O Nc6 8. Qd2 a6 9.Bd3 Be6 10.Kb1 Nb4 11.Nd4 Nxd3 12.Bxf6
Bxf6 13.Qxd3 b5 14.Nd5 Be5 15.Nc6 Qd7 16.Nxe5 dxe5 17.Nf6+
gxf6 18.Qg3+ Kh8 19.Rxd7 Bxd7 20.f4 Rae8 21.Qc3 exf4 22.Qxf6+
Kg8 23.Qg5+ Kh8 24.Qxf4 Re6 25.Qxc7 Bc6 26.Rf1 f6 27. e5 Bxg2
28.exf6 Rfxf6 29.Rd1 Bc6 30.b3 Be8 31.Rd8 Kg8 32.Qd7 Rf1+
33.Kb2 Rfe1 34.Ra8 R1e5 35.Qb7 Re7 36.Qxa6 Kg7 37.Ra7 Rxa7
38.Qxa7+ Bf7 39.a4 bxa4 40.Qxa4 Bg6 41.Qd4 Kf6 42.c4 Ke6
43.Kc3 Re1 44.c5 Be4 45.Kd2 1-0